[Event "Transcendent Classic I"]
[Site "SchemingMind.com"]
[Date "2021.01.12"]
[Round "-"]
[White "Goz"]
[Black "Transcendent"]
[Result "0-1"]
[WhiteCountry "ENG"]
[BlackCountry "ENG"]
[WhiteElo "1470"]
[WhiteRD "69"]
[BlackElo "2009"]
[BlackRD "64"]
[GameID "464456"]

1. d4 d5 2. e3 Nf6 3. c4 c6 4. c5 b6 5. b4 a5 6. bxa5 bxc5 7. Bd2 c4 8. Nf3 Ne4 9. Ne5 Nxd2 10. Nxd2 Qxa5
11. Bxc4 dxc4 12. Nxc4 Qc7 13. O-O g6 14. a4 Nd7 15. Qc2 Bg7 16. Rfb1 O-O 17. Rb4 Ba6 18. Rab1 Rab8 19. R1b3 Rxb4 20. Rxb4 c5
21. dxc5 Qxc5 22. Rb1 Ne5 23. Rc1 Nxc4 24. Nxc4 Rc8 25. Na3 Qxa3 26. Qxc8+ Bxc8 27. Rxc8+ Bf8 28. Ra8 Kg7 29. h3 e6 30. a5 Bd6
31. a6 Qc1#
0-1

[Event "Transcendent Classic I"]
[Site "SchemingMind.com"]
[Date "2021.01.12"]
[Round "-"]
[White "Transcendent"]
[Black "Goz"]
[Result "1-0"]
[WhiteCountry "ENG"]
[BlackCountry "ENG"]
[WhiteElo "1984"]
[WhiteRD "68"]
[BlackElo "1465"]
[BlackRD "67"]
[GameID "464457"]

1. d4 d5 2. c4 dxc4 3. e4 e5 4. Nf3 exd4 5. Bxc4 Bg4 6. Bxf7+ Kxf7 7. Ne5+ Ke6 8. Qxg4+ Kxe5 9. Bf4+ Kxe4 10. Bxc7+ Kd5
11. Bxd8 Bb4+ 12. Nd2 Bxd2+ 13. Kxd2 Nc6 14. Qd7+ Kc5 15. Rhc1+ Kb5 16. Qxb7+
1-0

[Event "Transcendent Classic I"]
[Site "SchemingMind.com"]
[Date "2021.01.16"]
[Round "-"]
[White "Gilligan"]
[Black "Goz"]
[Result "1-0"]
[WhiteCountry "USA"]
[BlackCountry "ENG"]
[WhiteElo "1695"]
[WhiteRD "56"]
[BlackElo "1470"]
[BlackRD "69"]
[GameID "464609"]

1. e4 c5 2. Nf3 d6 3. d4 b6 4. g3 Bg4 5. Bg2 Nd7 6. O-O e5 7. d5 Ngf6 8. Re1 Be7 9. c4 O-O 10. a3 a6
11. Nc3 Qb8 12. h3 Bh5 13. Qc2 h6 14. Nh4 Nh7 15. Nf5 Re8 16. Be3 Bg6 17. Nxe7+ Rxe7 18. Rf1 b5 19. b3 b4 20. Nb1 a5
21. Nd2 Ndf6 22. f4 Nh5 23. Bf2 exf4 24. g4 N5f6 25. Bh4 Ng5 26. Rxf4 bxa3 27. Qc3 Re5 28. Bxg5 hxg5 29. Rf2 Nxe4 30. Nxe4 Bxe4
31. Rxa3 a4 32. Re2 Bxg2 33. Rxe5 dxe5 34. Kxg2 e4 35. Qe3 Qf4 36. Qxf4 gxf4 37. Rxa4 Rb8 38. Ra3 f6 39. Kf2 Kf7 40. Ke2 Ke7
41. Kd2 Kd6 42. Kc3 f3 43. Kd2 Ke5 44. Ke3 Rh8 45. Ra6 Rxh3 46. Re6#
1-0

[Event "Transcendent Classic I"]
[Site "SchemingMind.com"]
[Date "2021.01.17"]
[Round "-"]
[White "Goz"]
[Black "Gilligan"]
[Result "0-1"]
[WhiteCountry "ENG"]
[BlackCountry "USA"]
[WhiteElo "1465"]
[WhiteRD "67"]
[BlackElo "1680"]
[BlackRD "57"]
[GameID "464610"]

1. d4 d5 2. e3 Nf6 3. Nf3 e6 4. c3 Be7 5. Be2 O-O 6. O-O b6 7. Nbd2 Bb7 8. Ne5 Nbd7 9. Ndf3 c5 10. b3 Rc8
11. a4 Nxe5 12. Nxe5 cxd4 13. cxd4 Bd6 14. f4 Ne4 15. Bb2 f6 16. Ng4 Kf7 17. f5 Ke8 18. fxe6 Rc7 19. Bd3 Re7 20. Bxe4 dxe4
21. d5 Qb8 22. Rf5 Ba6 23. g3 Rc7 24. h4 Bxg3 25. h5 Bh4 26. d6 Rc6 27. d7+ Ke7 28. Ne5 Rxe6 29. Qg4 Rg8 30. Qxh4 Bb7
31. Kf2 Qc7 32. Rd1 Qc2+ 33. Ke1 Qxb2 34. d8=Q+ Rxd8 35. Rxd8 Kxd8 36. Nf7+ Ke8 37. Nh8 Rd6 38. Rf2 Qc1+ 39. Ke2 Rd2#
0-1

[Event "Transcendent Classic I"]
[Site "SchemingMind.com"]
[Date "2021.01.16"]
[Round "-"]
[White "Gilligan"]
[Black "Transcendent"]
[Result "0-1"]
[WhiteCountry "USA"]
[BlackCountry "ENG"]
[WhiteElo "1680"]
[WhiteRD "57"]
[BlackElo "1984"]
[BlackRD "68"]
[GameID "464611"]

1. e4 e5 2. Nf3 Nc6 3. Bc4 Nf6 4. Ng5 d5 5. exd5 Na5 6. Bb5+ c6 7. dxc6 bxc6 8. Be2 h6 9. Nf3 e4 10. Ne5 Bd6
11. Nc4 Nxc4 12. Bxc4 O-O 13. O-O Bxh2+ 14. Kh1 Bc7 15. Be2 Qd6 16. g3 Qe6 17. g4 Qe5 18. f4 exf3 19. Rf2 Nxg4 20. Bxf3 Nxf2+
0-1

[Event "Transcendent Classic I"]
[Site "SchemingMind.com"]
[Date "2021.01.17"]
[Round "-"]
[White "Transcendent"]
[Black "Gilligan"]
[Result "1-0"]
[WhiteCountry "ENG"]
[BlackCountry "USA"]
[WhiteElo "2009"]
[WhiteRD "64"]
[BlackElo "1695"]
[BlackRD "56"]
[GameID "464612"]

1. e4 e5 2. Nf3 Nc6 3. Bb5 a6 4. Ba4 Nf6 5. O-O b5 6. Bb3 Be7 7. Re1 O-O 8. c3 d5 9. exd5 Nxd5 10. Nxe5 Nxe5
11. Rxe5 c6 12. d4 Bf6 13. Re1 Bb7 14. Nd2 Rc8 15. Ne4 Re8 16. Qd3 c5 17. dxc5 Be5 18. Bd2 Qh4 19. g3 Qd8 20. Ng5 g6
21. f4 Nxf4 22. Bxf7+ Kh8 23. Qxd8 Rexd8 24. Bxf4 Bxf4 25. gxf4 Rd2 26. Re7 Rg2+ 27. Kf1 Rxh2 28. Rxb7 Rh1+ 29. Kg2 Rxa1 30. Be6 Rxc5
31. Rxh7#
1-0

[Event "Transcendent Classic I"]
[Site "SchemingMind.com"]
[Date "2021.01.24"]
[Round "-"]
[White "Gilligan"]
[Black "Chessibelle"]
[Result "1-0"]
[WhiteCountry "USA"]
[BlackCountry "ENG"]
[WhiteElo "1680"]
[WhiteRD "57"]
[BlackElo "1102"]
[BlackRD "59"]
[GameID "707344"]

1. e4 e5 2. Nf3 Nc6 3. Bc4 h6 4. O-O Nf6 5. Re1 Be7 6. c3 O-O 7. d4 Bd6 8. Be3 b6 9. d5 Ne7 10. Bb3 Nxe4
11. Bc2 Nf6 12. c4 c6 13. Nc3 c5 14. Qd3 Ng6 15. h4 h5= 16. Bg5 Be7 17. Rxe5 d6 18. Re3 Bd7 19. Rae1 Re8 20. Bd1 Bg4
21. Bxf6 gxf6 22. Nh2 Bd7 23. Bxh5 f5 24. Nf3 Nf4 25. Qd2 Bxh4 26. Rxe8+ Bxe8 27. Qxf4 Bf6 28. Qxf5 Bg7 29. Ng5 Kf8 30. Bxf7 Qc7
31. Ne6+
1-0

[Event "Transcendent Classic I"]
[Site "SchemingMind.com"]
[Date "2021.01.25"]
[Round "-"]
[White "Chessibelle"]
[Black "Gilligan"]
[Result "0-1"]
[WhiteCountry "ENG"]
[BlackCountry "USA"]
[WhiteElo "1102"]
[WhiteRD "59"]
[BlackElo "1680"]
[BlackRD "57"]
[GameID "707345"]

1. Nf3 d5 2. d4 e6 3. Bd2 Nf6 4. g3 b6 5. e3 Be7 6. Be2 O-O 7. O-O Bb7 8. c3 Nbd7 9. b4 c5 10. Bd3 c4
11. Bc2 Bd6 12. Ng5 h6 13. Nh3 e5 14. f4 e4 15. Be1 Nh7 16. Na3 a6 17. Kh1 Bc8 18. Nf2 Ndf6 19. Qd2 h5 20. h4 Ng4
21. Bb1 Nxf2+ 22. Qxf2 Bg4 23. f5 Bf3+ 24. Kh2 Nf6 25. Kg1 Ng4 26. Qd2 Qf6 27. Qb2 Qxf5 28. Bc2 Nxe3 29. Rf2 Qh3 30. Rh2 Qf1#
0-1

[Event "Transcendent Classic I"]
[Site "SchemingMind.com"]
[Date "2021.01.24"]
[Round "-"]
[White "Goz"]
[Black "Chessibelle"]
[Result "1-0"]
[WhiteCountry "ENG"]
[BlackCountry "ENG"]
[WhiteElo "1465"]
[WhiteRD "67"]
[BlackElo "1102"]
[BlackRD "59"]
[GameID "707346"]

1. d4 d5 2. e3 e6 3. Nf3 Nc6 4. Be2 Nf6 5. O-O Be7 6. c3 Bd7 7. b4 Nb8 8. a4 O-O 9. Nbd2 g6 10. Ne5 Bc8
11. f4 h5 12. Ndf3 c6 13. Ng5 Ne4 14. Nxe4 f6 15. Nxg6 Rf7 16. Bxh5 Rh7 17. Nxe7+ Qxe7 18. Bg6 Rh8 19. f5 e5 20. Ba3 Qg7
21. Nd6 Nd7 22. Qg4 Nf8 23. Ne8 Qd7 24. Nxf6+
1-0

[Event "Transcendent Classic I"]
[Site "SchemingMind.com"]
[Date "2021.01.25"]
[Round "-"]
[White "Chessibelle"]
[Black "Goz"]
[Result "1-0"]
[WhiteCountry "ENG"]
[BlackCountry "ENG"]
[WhiteElo "1102"]
[WhiteRD "59"]
[BlackElo "1465"]
[BlackRD "67"]
[GameID "707347"]

1. Nf3 d5 2. d4 e6 3. Bd2 Nf6 4. g3 Be7 5. Nc3 O-O 6. e3 a6 7. Be2 b5 8. Nb1 c5 9. c3 c4 10. Ng5 Ne4
11. Nxe4 dxe4 12. b3 Qd5 13. O-O Nd7 14. Bg4 Nf6 15. Bh3 h6 16. Bg2 a5 17. f3 cxb3 18. axb3 Bd7 19. Bc1 Ra7 20. Nd2 exf3
21. Bxf3 Qd6 22. c4 b4 23. c5 Qc7 24. Nc4 Nd5 25. Qd3 Bb5 26. Bd1 Nc3 27. Bc2 a4 28. Qh7#
1-0

[Event "Transcendent Classic I"]
[Site "SchemingMind.com"]
[Date "2021.01.24"]
[Round "-"]
[White "Transcendent"]
[Black "Chessibelle"]
[Result "1-0"]
[WhiteCountry "ENG"]
[BlackCountry "ENG"]
[WhiteElo "1984"]
[WhiteRD "68"]
[BlackElo "1102"]
[BlackRD "59"]
[GameID "707348"]

1. e4 e5 2. Nf3 Nc6 3. Bc4 h6 4. d4 Bd6 5. dxe5 Nxe5 6. Nxe5 Bxe5 7. Qd5 Qe7 8. f4 Bf6 9. e5 Bh4+ 10. g3 Nf6
11. Qf3 Qb4+ 12. Nd2 Bg5 13. fxg5 Qc5 14. gxf6 g6 15. Qd5 Qe3+ 16. Kd1 d6 17. Qxf7+ Kd8 18. Qe7#
1-0

[Event "Transcendent Classic I"]
[Site "SchemingMind.com"]
[Date "2021.01.25"]
[Round "-"]
[White "Chessibelle"]
[Black "Transcendent"]
[Result "0-1"]
[WhiteCountry "ENG"]
[BlackCountry "ENG"]
[WhiteElo "1109"]
[WhiteRD "57"]
[BlackElo "2009"]
[BlackRD "64"]
[GameID "707349"]

1. Nf3 d5 2. d4 Nf6 3. e3 c5 4. Bb5+ Bd7 5. Bd3 Nc6 6. O-O Rc8 7. Nc3 e6 8. g3 c4 9. Be2 Bb4 10. Bd2 O-O
11. a3 Ba5 12. Re1 Bxc3 13. Bxc3 Ne4 14. Bd2 Re8 15. b3 c3 16. Bc1 Qf6 17. Bf1 e5 18. a4 Bg4 19. Be2 h5 20. h4 exd4
21. Qd3 Bxf3 22. Bd1 Bxd1 23. Qxd1 Qxf2+
0-1

[Event "Transcendent Classic I"]
[Site "SchemingMind.com"]
[Date "2021.01.29"]
[Round "-"]
[White "Gilligan"]
[Black "kenneth m day"]
[Result "0-1"]
[WhiteCountry "USA"]
[BlackCountry "USA"]
[WhiteElo "1680"]
[WhiteRD "57"]
[BlackElo "1695"]
[BlackRD "51"]
[GameID "707451"]

1. e4 e5 2. Nf3 Nc6 3. Bc4 Bc5 4. d4 exd4 5. O-O Nf6 6. e5 Ng4 7. Bxf7+ Kxf7 8. Ng5+ Kg8 9. Qxg4 h6 10. Nf3 Qe7
11. Qe4 d6 12. Bf4 Bd7 13. Re1 dxe5 14. Nxe5 Nxe5 15. Bxe5 Bc6 16. Qd3 Qg5 17. f3 Re8 18. Bg3 Re3 19. Rxe3 Qxe3+ 20. Qxe3 dxe3
21. Nc3 Kh7 22. Kh1 Bd6 23. Ne2 Bb5 24. Re1 Bxe2 25. Rxe2 Re8 26. Bxd6 cxd6 27. c4 a6 28. f4 Kg6 29. g3 Kf5 30. Kg2 Ke4
31. f5 Re5 32. g4 d5 33. cxd5 Rxd5 34. Kf1 Rd1+ 35. Kg2 Rd2 36. Kf1 Kd3 37. Re1 Rf2+ 38. Kg1 Kd2 39. Rf1 Rxf1+ 40. Kxf1 e2+
0-1

[Event "Transcendent Classic I"]
[Site "SchemingMind.com"]
[Date "2021.01.28"]
[Round "-"]
[White "kenneth m day"]
[Black "Gilligan"]
[Result "0-1"]
[WhiteCountry "USA"]
[BlackCountry "USA"]
[WhiteElo "1695"]
[WhiteRD "51"]
[BlackElo "1680"]
[BlackRD "57"]
[GameID "707452"]

1. e4 e5 2. Nf3 Nf6 3. Nxe5 Nc6 4. Nxc6 dxc6 5. Nc3 Bc5 6. Bc4 Qd4 7. Qe2 Bg4 8. f3 Bh5 9. d3 O-O 10. Bd2 b5
11. Bb3 a5 12. a3 a4 13. Ba2 b4 14. axb4 Bxb4 15. O-O-O a3 16. g4 axb2+ 17. Kxb2 Bxc3+ 18. Bxc3 Rxa2+
0-1

[Event "Transcendent Classic I"]
[Site "SchemingMind.com"]
[Date "2021.01.29"]
[Round "-"]
[White "Goz"]
[Black "kenneth m day"]
[Result "0-1"]
[WhiteCountry "ENG"]
[BlackCountry "USA"]
[WhiteElo "1470"]
[WhiteRD "69"]
[BlackElo "1704"]
[BlackRD "52"]
[GameID "707453"]

1. d4 Nf6 2. c4 e5 3. d5 Bc5 4. e3 O-O 5. a3 a6 6. Bd3 d6 7. Nc3 c6 8. b4 Ba7 9. Nge2 Bg4 10. O-O h6
11. h3 Bh5 12. g4 Bg6 13. f3 Nbd7 14. Kg2 Qe7 15. Bxg6 fxg6 16. e4 Rac8 17. a4 Nb6 18. Qd3 cxd5 19. cxd5 Nc4 20. b5 axb5
21. axb5 Bb6 22. Na4 Qc7 23. Nec3 Na5 24. Nxb6 Qxb6 25. Na4 Qc7 26. Be3 Qc2+ 27. Qd2 Qxd2+ 28. Bxd2 Rc2 29. Rf2 Nc4 30. Rd1 Ra8
31. g5 Nh5 32. gxh6 Rxa4 33. hxg7 Raa2 34. h4 Nxd2 35. Kh3 Kxg7 36. Kg4 Nf6+ 37. Kg5 Ndxe4+ 38. fxe4 Rxf2 39. h5 Rg2+ 40. Kh4 Nxh5
41. Rc1 Rg3 42. Rc7+ Kf6 43. Rxb7 Rh2#
0-1

[Event "Transcendent Classic I"]
[Site "SchemingMind.com"]
[Date "2021.01.28"]
[Round "-"]
[White "kenneth m day"]
[Black "Goz"]
[Result "1-0"]
[WhiteCountry "USA"]
[BlackCountry "ENG"]
[WhiteElo "1695"]
[WhiteRD "51"]
[BlackElo "1465"]
[BlackRD "67"]
[GameID "707454"]

1. e4 e5 2. Nf3 d6 3. Bc4 h6 4. d4 exd4 5. Nxd4 Nf6 6. Nc3 Bg4 7. f3 Bh5 8. Be3 Bg6 9. Qd2 Be7 10. O-O-O O-O
11. h4 c6 12. g4 d5 13. exd5 cxd5 14. Bd3 Bxd3 15. Qxd3 Qd7 16. g5 hxg5 17. hxg5 g6 18. gxf6 Bxf6 19. Bh6 Bg7 20. Bxg7 Kxg7
21. Rdg1 f5 22. Nde2 Rd8 23. Qd4+
1-0

[Event "Transcendent Classic I"]
[Site "SchemingMind.com"]
[Date "2021.01.28"]
[Round "-"]
[White "Transcendent"]
[Black "kenneth m day"]
[Result "1-0"]
[WhiteCountry "ENG"]
[BlackCountry "USA"]
[WhiteElo "2089"]
[WhiteRD "64"]
[BlackElo "1640"]
[BlackRD "53"]
[GameID "707455"]

1. d4 d5 2. c4 c6 3. Nf3 Nf6 4. e3 Bf5 5. Nc3 Nbd7 6. b3 e6 7. Bb2 h6 8. Bd3 Bxd3 9. Qxd3 Qc7 10. O-O Be7
11. cxd5 exd5 12. Nh4 Ng4 13. Nf3 Ndf6 14. h3 h5 15. hxg4 hxg4 16. Ne5 Bd6 17. Ne2 O-O-O 18. Ng3 Nh5 19. Qf5+ Kb8 20. Nxh5 g6
21. Qxf7 Bxe5 22. Qxc7+ Bxc7 23. Ng3 Rd7 24. Rfe1 Rdh7 25. e4 dxe4 26. Rxe4 a6 27. d5 Rd8 28. dxc6 bxc6 29. Rxg4 Rg8 30. Rc1 Kb7
31. Rb4+ Bb6 32. Bd4 a5 33. Rxb6+ Kc7 34. Rcxc6+
1-0

[Event "Transcendent Classic I"]
[Site "SchemingMind.com"]
[Date "2021.01.28"]
[Round "-"]
[White "kenneth m day"]
[Black "Transcendent"]
[Result "0-1"]
[WhiteCountry "USA"]
[BlackCountry "ENG"]
[WhiteElo "1643"]
[WhiteRD "53"]
[BlackElo "2065"]
[BlackRD "62"]
[GameID "707456"]

1. e4 e5 2. Nf3 Nc6 3. c3 Nf6 4. d4 Nxe4 5. d5 Bc5 6. dxc6 Bxf2+ 7. Ke2 Bb6 8. Be3 bxc6 9. Nbd2 Bxe3 10. Nxe4 Bb6
11. Qd2 O-O 12. Rd1 d5 13. Ke1 Bg4 14. Neg5 h6 15. Be2 hxg5 16. Nxe5 Bxe2 17. Qxe2 Re8 18. Kd2 Qf6 19. Rhe1 Re6 20. Qf3 Rxe5
21. Qg4 Rae8 22. Rf1 Be3+ 23. Kd3 Qg6+ 24. Ke2 Qc2+ 25. Kf3 f5 26. Qh5 g4+ 27. Kg3 f4+ 28. Kxg4 Rxh5 29. Kxh5 Qxg2
0-1

[Event "Transcendent Classic I"]
[Site "SchemingMind.com"]
[Date "2021.01.28"]
[Round "-"]
[White "kenneth m day"]
[Black "Chessibelle"]
[Result "1-0"]
[WhiteCountry "USA"]
[BlackCountry "ENG"]
[WhiteElo "1695"]
[WhiteRD "51"]
[BlackElo "1102"]
[BlackRD "59"]
[GameID "707457"]

1. e4 e5 2. Nf3 Nc6 3. c3 Nf6 4. d4 Be7 5. Bc4 h6 6. dxe5 Nxe4 7. Qd5 O-O 8. Qxe4 Re8 9. Bf4 Bf8 10. O-O g6
11. Qxg6+ Kh8 12. Bxf7 Ne7 13. Qh5 Nd5 14. Bxh6 Bg7 15. Bg5+
1-0

[Event "Transcendent Classic I"]
[Site "SchemingMind.com"]
[Date "2021.01.28"]
[Round "-"]
[White "Chessibelle"]
[Black "kenneth m day"]
[Result "0-1"]
[WhiteCountry "ENG"]
[BlackCountry "USA"]
[WhiteElo "1102"]
[WhiteRD "59"]
[BlackElo "1695"]
[BlackRD "51"]
[GameID "707458"]

1. Nf3 d5 2. d4 Nf6 3. g3 c6 4. Nc3 Bg4 5. e3 Ne4 6. Be2 e5 7. O-O Bd6 8. Re1 Nd7 9. a3 O-O 10. Kg2 Qf6
11. h3 Be6 12. Bd3 Qh6 13. h4 g5 14. Nxe4 dxe4 15. Bxe4 gxh4 16. Nxh4 f5 17. Bd3 Rf7 18. Rh1 Qg5 19. Nf3 Qg4 20. Rh4 Qg7
21. Bd2 Be7 22. c4 Bxh4 23. Nxh4 Rf6 24. f4 Rh6 25. Qh1 Rf8 26. e4 fxe4 27. Bxe4 exf4 28. Be1 Qxd4 29. Kf3 Ne5+ 30. Ke2 Qxb2+
31. Bd2 Bxc4+ 32. Kf2 Qxd2+
0-1

[Event "Transcendent Classic I"]
[Site "SchemingMind.com"]
[Date "2021.01.29"]
[Round "-"]
[White "Gilligan"]
[Black "Holty"]
[Result "0-1"]
[WhiteCountry "USA"]
[BlackCountry "ENG"]
[WhiteElo "1680"]
[WhiteRD "57"]
[BlackElo "1826"]
[BlackRD "63"]
[GameID "707463"]

1. e4 d6 2. d4 Nd7 3. Nf3 Ngf6 4. Bd3 e5 5. c3 g6 6. O-O Bg7 7. Nbd2 O-O 8. b3 c6 9. dxe5 dxe5 10. h4 Nc5
11. Bc2 Bg4 12. Qe1 Re8 13. Qe3 Bxf3 14. Nxf3 Ncd7 15. Bb2 Ng4 16. Qe2 Qc7 17. Nh2 Nxh2 18. Kxh2 Rad8 19. Kh1 Nf6 20. f3 Nh5
21. Qf2 Qb6 22. Qe1 Bh6 23. Bc1 Bf4 24. Bxf4 exf4 25. Kh2 Ng3 26. Rg1 Qc7 27. Rd1 Rxd1 28. Bxd1 Qe5 29. b4 Qh5 30. Kh3 g5
0-1

[Event "Transcendent Classic I"]
[Site "SchemingMind.com"]
[Date "2021.01.29"]
[Round "-"]
[White "Holty"]
[Black "Gilligan"]
[Result "1-0"]
[WhiteCountry "ENG"]
[BlackCountry "USA"]
[WhiteElo "1826"]
[WhiteRD "63"]
[BlackElo "1680"]
[BlackRD "57"]
[GameID "707464"]

1. d4 d5 2. Bf4 e6 3. e3 Nf6 4. c3 Be7 5. Nf3 b6 6. Nbd2 O-O 7. Bd3 c5 8. Ne5 Bb7 9. Qf3 Nbd7 10. h4 Nxe5
11. Bxe5 Ne4 12. Nxe4 dxe4 13. Bxe4 Bxe4 14. Qxe4 f6 15. Bg3 Qd7 16. O-O-O Qb5 17. Qxe6+ Kh8 18. Qxe7 Rfe8 19. Qd6 Rad8 20. Qf4 c4
21. Qf3 Qa4 22. Kb1 b5 23. Qe2 Rc8 24. Qc2 Qa5 25. Bd6 Qb6 26. Bc5 Qb7 27. Rhg1 a5 28. a3 Ra8 29. Bd6 Qc6 30. Bf4 b4
31. d5 Qc5 32. a4 b3 33. Qe2 Qc8 34. e4 Qc5 35. Rd4 Rac8 36. Rgd1 Qb6 37. f3 Qa6 38. d6 Red8 39. d7 Rc6 40. e5 fxe5
41. Bxe5 Kg8 42. Rd6 Rxd6 43. Rxd6 Qa7 44. Qxc4+
1-0

[Event "Transcendent Classic I"]
[Site "SchemingMind.com"]
[Date "2021.01.30"]
[Round "-"]
[White "Goz"]
[Black "Holty"]
[Result "0-1"]
[WhiteCountry "ENG"]
[BlackCountry "ENG"]
[WhiteElo "1470"]
[WhiteRD "69"]
[BlackElo "1768"]
[BlackRD "63"]
[GameID "707465"]

1. d4 d6 2. e4 Nd7 3. c4 e5 4. d5 g6 5. Bd3 a5 6. Nf3 Bg7 7. O-O Ngf6 8. a4 O-O 9. Nc3 Nc5 10. b3 Bg4
11. h3 Bxf3 12. Qxf3 Nxb3 13. Be3 Nxa1 14. Rxa1 c6 15. Bg5 h6 16. Bh4 g5 17. Bg3 Qd7 18. Rb1 Rab8 19. Rb6 Qc7 20. Rb1 Qd7
21. c5 g4 22. hxg4 Qxg4 23. dxc6 bxc6 24. cxd6 Qxf3 25. gxf3 Rxb1+ 26. Nxb1 Nd7 27. Na3 Rb8 28. Nc4 f6 29. Kg2 Rb3 30. Bf1 Rb4
31. Nxa5 Rxa4 32. Nxc6 Bf8 33. Ne7+ Kf7 34. Nc8 Rd4 35. Bb5 Ke6 36. Bc6 Bxd6 37. Bd5+ Rxd5 38. exd5+ Kxd5 39. Nxd6 Kxd6 40. f4 Ke6
41. Kh3 Kf5 42. fxe5 Nxe5 43. Kh4 Kg6 44. f4 Nf3+ 45. Kg4 Nd4 46. Bf2 h5+ 47. Kh3 Nf5 48. Be1 Nd4 49. Ba5 Ne2 50. Bc7 Kf5
51. Kh4 Nxf4 52. Kg3 Ng6 53. Bd8 h4+ 54. Kh3 Ke6 55. Ba5 f5 56. Be1 Ke5 57. Bxh4 Nxh4 58. Kxh4 Ke4 59. Kg3 Ke3 60. Kg2 f4
61. Kf1 Kf3
0-1

[Event "Transcendent Classic I"]
[Site "SchemingMind.com"]
[Date "2021.01.30"]
[Round "-"]
[White "Holty"]
[Black "Goz"]
[Result "1-0"]
[WhiteCountry "ENG"]
[BlackCountry "ENG"]
[WhiteElo "1826"]
[WhiteRD "63"]
[BlackElo "1465"]
[BlackRD "67"]
[GameID "707466"]

1. d4 d5 2. Bf4 e6 3. e3 Bd6 4. Bg3 Nf6 5. Nf3 Ne4 6. Nbd2 Nxg3 7. hxg3 Nc6 8. c3 O-O 9. Bd3 e5 10. dxe5 Nxe5
11. Nxe5 Bxe5 12. Bxh7+ Kh8 13. Qh5 g6 14. Qxe5+ f6 15. Bxg6+ Kg7 16. Rh7+ Kg8 17. Qh5 f5 18. Rh8+ Kg7 19. Qh6+ Kf6 20. Rxf8+ Qxf8
21. Qxf8+ Kg5 22. Bf7 c6 23. Qg7#
1-0

[Event "Transcendent Classic I"]
[Site "SchemingMind.com"]
[Date "2021.02.02"]
[Round "-"]
[White "Transcendent"]
[Black "Holty"]
[Result "0-1"]
[WhiteCountry "ENG"]
[BlackCountry "ENG"]
[WhiteElo "2009"]
[WhiteRD "64"]
[BlackElo "1768"]
[BlackRD "63"]
[GameID "707467"]

1. d4 d6 2. c4 e5 3. Nc3 exd4 4. Qxd4 Nc6 5. Qd2 Nf6 6. e4 Be7 7. Bd3 Ne5 8. Nge2 c6 9. f4 Nxd3+ 10. Qxd3 O-O
11. h3 Qb6 12. b3 d5 13. e5 dxc4 14. Qxc4 Be6 15. Qd3 Rad8 16. Qg3 Nd5 17. Nxd5 Rxd5 18. Be3 Qa5+ 19. Kf2 f6 20. Rhf1 fxe5
0-1

[Event "Transcendent Classic I"]
[Site "SchemingMind.com"]
[Date "2021.02.02"]
[Round "-"]
[White "Holty"]
[Black "Transcendent"]
[Result "0-1"]
[WhiteCountry "ENG"]
[BlackCountry "ENG"]
[WhiteElo "1757"]
[WhiteRD "63"]
[BlackElo "2041"]
[BlackRD "67"]
[GameID "707468"]

1. d4 d5 2. Bf4 Nf6 3. e3 c5 4. c3 Nc6 5. Nd2 Qb6 6. Qb3 c4 7. Qc2 g6 8. e4 Nxe4 9. Nxe4 dxe4 10. Qxe4 Qxb2
11. Rb1 Qxc3+ 12. Bd2 Qxd4 13. Qc2 Bf5 14. Qb2 Qe4+ 15. Ne2 Qxb1+ 16. Qxb1 Bxb1 17. Nc3 Bf5 18. Bxc4 Rd8 19. Be3 Bd3 20. Bxd3 Rxd3
21. Nb5 a6 22. Nc7+ Kd7 23. Bb6 e5 24. O-O Bd6 25. Rb1 Bxc7
0-1

[Event "Transcendent Classic I"]
[Site "SchemingMind.com"]
[Date "2021.02.02"]
[Round "-"]
[White "kenneth m day"]
[Black "Holty"]
[Result "1-0"]
[WhiteCountry "USA"]
[BlackCountry "ENG"]
[WhiteElo "1704"]
[WhiteRD "52"]
[BlackElo "1768"]
[BlackRD "63"]
[GameID "707469"]

1. e4 d6 2. d4 Nf6 3. Nc3 Nbd7 4. Nf3 e5 5. Bc4 Be7 6. O-O c6 7. dxe5 dxe5 8. Bg5 O-O 9. Qe2 Qc7 10. Rad1 b5
11. Bb3 Nc5 12. Rfe1 Nxb3 13. cxb3 Bg4 14. h3 Be6 15. Bh4 Rfe8 16. Ng5 Bd7 17. Nf3 Rad8 18. Bg3 Bd6 19. Rd2 Bc8 20. Qe3 Bc5
21. Qe2 h6 22. Rxd8 Rxd8 23. Nxe5 Bd6 24. f4 Re8 25. Nd3 b4 26. e5 bxc3 27. bxc3 Qb6+ 28. Bf2 Qc7 29. Qf3 Bd7 30. exf6 gxf6
31. Qg3+ Kh7 32. Qh4 Qd8 33. Bd4 Be7 34. Qh5 Rf8 35. Nf2 Be8 36. Ng4 Qd5 37. Qxd5 cxd5 38. Rxe7
1-0

[Event "Transcendent Classic I"]
[Site "SchemingMind.com"]
[Date "2021.02.02"]
[Round "-"]
[White "Holty"]
[Black "kenneth m day"]
[Result "1-0"]
[WhiteCountry "ENG"]
[BlackCountry "USA"]
[WhiteElo "1768"]
[WhiteRD "63"]
[BlackElo "1704"]
[BlackRD "52"]
[GameID "707470"]

1. d4 Nf6 2. Bf4 d6 3. Nc3 g6 4. e4 Bg7 5. Qd2 O-O 6. O-O-O Nbd7 7. Nf3 Re8 8. h4 Ng4 9. h5 Ndf6 10. hxg6 fxg6
11. Nh2 Bd7 12. Nxg4 Bxg4 13. f3 Bd7 14. Bh6 e5 15. Bxg7 Kxg7 16. Qh6+ Kf7 17. Bc4+ Be6 18. Bxe6+ Kxe6 19. Qh3+ Kf7 20. dxe5 Rxe5
21. Nd5 c6 22. Nxf6 Qxf6 23. Qxh7+ Ke6 24. Kb1 b6 25. Rh6 Rg5 26. Rh2 Rh5 27. Rxh5 gxh5 28. Qxh5 Rh8 29. Qg4+ Ke7 30. Qg3 Rh6
31. a3 Rg6 32. Qf2 Qg7 33. g4 Qe5 34. Qh4+ Qf6 35. Qxf6+ Rxf6 36. Rf1 Ke6 37. f4
1-0

[Event "Transcendent Classic I"]
[Site "SchemingMind.com"]
[Date "2021.02.02"]
[Round "-"]
[White "Holty"]
[Black "Chessibelle"]
[Result "1-0"]
[WhiteCountry "ENG"]
[BlackCountry "ENG"]
[WhiteElo "1826"]
[WhiteRD "63"]
[BlackElo "1102"]
[BlackRD "59"]
[GameID "707471"]

1. d4 d5 2. Bf4 Nc6 3. e3 e6 4. c3 Bd7 5. Nf3 f6 6. Bd3 h6 7. Qc2 f5 8. Ne5 Nxe5 9. Bxe5 Nf6 10. Nd2 Be7
11. O-O-O Rg8 12. f3 Nh5 13. g4 Nf6 14. Rdg1 h5 15. g5 c6 16. gxf6 Bf8 17. fxg7 Be7 18. Rg6 b5 19. Rhg1 Qa5 20. Kb1 c5
21. Rh6 O-O-O 22. Bf6 Rde8 23. Bxe7 Rxe7 24. Rh8 Qd8 25. Rh7 Rf7 26. Qd1 Qe7 27. Rh8 Qe8 28. Rh7 c4 29. Be2 e5 30. f4 h4
31. Bh5 Qe7 32. Bxf7 Qxf7 33. Qh5 Qf6 34. fxe5 Qe6 35. Qg6 Qe7 36. Rh8 Qe8 37. Qxe8+ Bxe8 38. Rxg8 Kd7 39. Rxe8
1-0

[Event "Transcendent Classic I"]
[Site "SchemingMind.com"]
[Date "2021.02.02"]
[Round "-"]
[White "Chessibelle"]
[Black "Holty"]
[Result "0-1"]
[WhiteCountry "ENG"]
[BlackCountry "ENG"]
[WhiteElo "1102"]
[WhiteRD "59"]
[BlackElo "1826"]
[BlackRD "63"]
[GameID "707472"]

1. Nf3 Nf6 2. d4 d6 3. g3 Nbd7 4. e3 e5 5. Be2 Be7 6. O-O O-O 7. b3 c6 8. Bd2 Qc7 9. Bc1 Ne4 10. Nbd2 Ndf6
11. Re1 Nc3
0-1